000 00418nam a22001697a 4500
003 MPLRDC
005 20220104124851.0
008 210129b ||||| |||| 00| 0 eng d
082 _a414.12 WXR
100 _a汪巽人、陈竹友编著
245 _a古医籍词义
_c
250 _a一版一刷
260 _a
_b福建科学技术出版社
_c1982
300 _b
650 _a绎名
942 _cBK
_o414.12 WXR
999 _c22795
_d22785